|
|
|
|
| LEADER |
01080nam a2200277 a 4500 |
| 001 |
4482384 |
| 008 |
100708r20071996enka b 001 0 eng d |
| 010 |
|
|
|a 96196873
|
| 020 |
|
|
|a 8126513004
|
| 020 |
|
|
|a 9788126513000
|
| 020 |
|
|
|a 0471958697
|
| 040 |
|
|
|a DLC
|c DLC
|d DLC
|d WaU
|d BD-DhAAL
|
| 082 |
0 |
0 |
|a 005.1/2
|2 21
|
| 100 |
1 |
|
|a Buschmann, Frank.
|
| 245 |
0 |
0 |
|a Pattern-oriented software architecture :
|b a pattern language for distributed computing /
|c Frank Buschmann,Kevlin Henney and Douglas C. Schmidt.
|
| 260 |
|
|
|a Chichester ;
|a New York ;
|a New Delhi :
|b Wiley,
|c c1996.[Reprinted 2007]
|
| 300 |
|
|
|a xxxi, 602 p. :
|b ill. ;
|c 25 cm.
|
| 362 |
0 |
|
|a Vol.4
|
| 504 |
|
|
|a Includes bibliographical references (p. 573-586) and index.
|
| 541 |
1 |
|
|e 00020616
|
| 650 |
|
0 |
|a Software architecture.
|
| 700 |
1 |
|
|a Henney, Kevlin.
|
| 700 |
1 |
|
|a Schmidt, Douglas C.
|
| 852 |
4 |
|
|a Ayesha Abed Library
|j General shelf
|
| 999 |
|
|
|c 9330
|d 9330
|
| 952 |
|
|
|0 0
|1 0
|2 ddc
|4 0
|6 005_120000000000000_BUS_2007
|7 0
|9 11876
|a BRACUL
|b BRACUL
|c GEN
|d 2010-09-20
|l 0
|o 005.12 BUS
|p 3010020616
|r 2010-09-20
|t 1
|w 2010-09-20
|y BK
|